| 000 | 00652nam a22001697a 4500 | ||
|---|---|---|---|
| 003 | OSt | ||
| 005 | 20171010095448.0 | ||
| 008 | 120621t xxu||||| |||| 00| 0 eng d | ||
| 040 |
_aMMSU _cULS |
||
| 100 |
_aGudoy, Leigh Harris F. et al. _910542 |
||
| 245 |
_aResponse of piling-liitan (Canarium luzonicum blume) to pre-sowing treatments and germination media _cLeigh Harris F. Gudoy, et al. |
||
| 260 | _c2007 | ||
| 300 |
_ax, 57 leaves _c28 cm. |
||
| 500 | _aThesis (BS Forestry) Mariano Marcos State University-College of Agriculture, Food and Sustainable Development, Batac City | ||
| 504 | _aBibliography: leaves 42-44 | ||
| 942 |
_2ddc _cTHEDIS |
||
| 999 |
_c9581 _d9581 |
||